| 000 | 00370cam a2200145ua 4500 | ||
|---|---|---|---|
| 041 |
_ahin _h |
||
| 082 |
_a891.43 _bUSH/PA |
||
| 100 | _aUsha , Priyamvada . | ||
| 245 |
_aPachpan ghamme lal divaram / _cUsha priyanvada. _hTextual Documents |
||
| 260 |
_aDelhi : _bRajkamal Prakashan , _c1962. |
||
| 300 | _a138 ; . | ||
| 504 | _a | ||
| 942 | _cBK | ||
| 999 |
_c12290 _d12290 |
||